Statistics for Catholic Countries in Europe

Click here to take the quiz!

General Stats

  • This quiz has been taken 13,679 times
  • The average score is 14 of 17

Answer Stats

# % Country % Correct
32.4 mSpain
98%
50.4 m83.0Italy
98%
50.0 mFrance
96%
100Vatican City
94%
8.92 m84.5Portugal
93%
23.6 mGermany
92%
33.0 m85.8Poland
89%
5.70 mUnited Kingdom
87%
78.3Ireland
84%
5.17 mAustria
80%
90.5San Marino
78%
6.50 mBelgium
77%
82.3Monaco
74%
88.2Andorra
74%
88.6Malta
66%
4.32 mHungary
61%
86.3Croatia
59%

Score Distribution

Percentile by Number Answered

Percent of People with Each Score

Your Score History

You have not taken this quiz